Madviso online marketing, ktorý funguje
Start-up Madviso ako online marketingová agentúra ponúkajúca komplexnú online marketingovú stratégiu. Ponúkajúce služby ako blog, e-obchod na mieru, online marketing, e-commerce marketing, web development, školenia, konzultácie a audit webstránky a e-obchodu. Zisky a tržby podniku.
Guardado en:
| Autor principal: | |
|---|---|
| Formato: | Capítulo de libro |
| Lenguaje: | eslovaco |
| Materias: | |
| Etiquetas: |
Sin Etiquetas, Sea el primero en etiquetar este registro!
|
MARC
| LEADER | 00000naa$a2200000$$$4500 | ||
|---|---|---|---|
| 001 | 0271423 | ||
| 005 | 20240502074254.6 | ||
| 041 | 0 | |a slo | |
| 044 | |a SK | ||
| 245 | 1 | 0 | |a Madviso |b online marketing, ktorý funguje |c Branislav Zagoršek |
| 520 | |a Start-up Madviso ako online marketingová agentúra ponúkajúca komplexnú online marketingovú stratégiu. Ponúkajúce služby ako blog, e-obchod na mieru, online marketing, e-commerce marketing, web development, školenia, konzultácie a audit webstránky a e-obchodu. Zisky a tržby podniku. | ||
| 610 | 2 | 0 | |a start-up |
| 610 | 2 | 0 | |a marketing |
| 610 | 2 | 0 | |a služby |
| 610 | 2 | 0 | |a obchod elektronický |
| 100 | 1 | |a Zagoršek, Branislav, 1984- | |